Saturday Stumper #11 - Statistics

General Stats
  • This quiz has been taken 3,119 times
  • The average score is 17 of 24
Answer Stats
Hint Answer % Correct
spect Respect
88%
tire Retire
85%
spect Inspect
82%
llar Collar
80%
spect Suspect
78%
tire Attire
77%
rew Shrew
77%
inkle Wrinkle
75%
llar Pillar
74%
eath Wreath
72%
inkle Sprinkle
71%
rew Threw
71%
llar Cellar
70%
inkle Twinkle
70%
llar Dollar
68%
eath Sheath
65%
eath Breath
63%
tire Satire
63%
tire Entire
62%
eath Beneath
59%
rew Screw
58%
inkle Crinkle
57%
rew Strew
57%
spect Prospect
44%
No matching quizzes found
Score Distribution
Percent of People with Each Score
Percentile by Number Answered
Your Score History
You have not taken this quiz